Creuse - mort subite - Statistiques

Statistiques générales
  • Ce quiz a été pris 47 fois
  • Le résultat moyen est 6 sur 18
Answers on the Grid
Answers color-coded by a green-red scale on the quiz's grid according to % correct below.
Guéret
Le comté médiéval de la Marche
Un parc animalier
Le lieu de naissance de Voltaire
200 000 habitants
Une frontière avec le Puy-de-Dôme
Évian-les-Bains
Le Creusot
Le département le moins peuplé en France
Le siège du Creuset
Montluçon
Bourganeuf
Brive-la-Gaillarde
Domaine de la Romanée-Conti
Ahun
Le centre géographique de la France
Lucapa
Lavaveix-les-Mines
Saint-Gilles
La Souterraine
Vaujours
Agen
Argenton-sur-Creuse
Bonnat
Saint-Yrieix-les-Bois
Azerables
Gouzon
Aubenas
Boussac
Évaux-les-Bains
La laiterie de la Voueize
Écublens
Aubusson
Dun-le-Palestel
Magnat-l'Étrange
Joinville
 
Statistiques - réponses
Réponse % Correct
Guéret
96%
Le comté médiéval de la Marche
48%
Monts de Guéret "Loups de Chabrières" Un parc animalier
44%
Une frontière avec le Puy-de-Dôme
40%
Aubusson
36%
La première ville française éclairée à l'électricité avec un lieu de production éloigné du lieu d'utilisation Bourganeuf
32%
Dun-le-Palestel
32%
La Souterraine
28%
Évaux-les-Bains
24%
Lavaveix-les-Mines
24%
Magnat-l'Étrange
24%
Ahun
20%
Boussac
20%
Gouzon
20%
Fromage de Gouzon et d'autres La laiterie de la Voueize
20%
Saint-Yrieix-les-Bois
20%
Azerables
16%
Bonnat
16%
Aucun quiz correspondant
Distribution des résultats
% des personnes avec chaque résultat
Percentile par nombre de réponses
Votre historique - résultats
Vous n’avez pas pris ce quiz